[Event "Velammal 45th National A ch-IND"]
[Site "Chennai IND"]
[Date "2008.02.10"]
[Round "8"]
[White "Ganguly,S"]
[Black "Kunte,A"]
[Result "1-0"]
[WhiteElo "2579"]
[BlackElo "2550"]

1.e4 c5 2.Nf3 Nc6 3.d4 cxd4 4.Nxd4 e6 5.Nc3 a6 6.Nxc6 bxc6 7.Bd3 d5 8.O-O Nf6
9.Re1 Be7 10.e5 Nd7 11.Qg4 g6 12.b3 Rb8 13.Na4 Nb6 14.Nxb6 h5 15.Qg3 Rxb6
16.c4 Rb8 17.Bd2 dxc4 18.bxc4 c5 19.Rab1 Bb7 20.Rb3 Bc6 21.Ba5 Qc8 22.Rxb8 Qxb8
23.Rb1 Qc8 24.Qf4 O-O 25.Qh6 Qd7 26.Bxg6 fxg6 27.Qxg6+ Kh8 28.Qh6+ Kg8 29.Qg6+ Kh8
30.Qxh5+ Kg7 31.Qg4+ Kf7 32.Qh5+ Kg7 33.Qg4+ Kf7 34.Rb3 Bd8 35.Qh5+ Ke7 36.Rb8 Qd3
37.Rxd8 Rxd8 38.Qh4+ Ke8 39.Qh8+ Kf7 40.Qf6+ Ke8 41.Qxe6+  1-0

[Event "Bundesliga 2007-8"]
[Site "Erfurt GER"]
[Date "2008.02.10"]
[Round "9"]
[White "Haba,P"]
[Black "Firman,N"]
[Result "0-1"]
[WhiteElo "2536"]
[BlackElo "2501"]

1.e4 c5 2.Nf3 e6 3.d4 cxd4 4.Nxd4 Nc6 5.Nc3 d6 6.Be3 Nf6 7.Be2 Be7 8.O-O O-O
9.f4 Bd7 10.Nb3 a5 11.a4 Nb4 12.Bf3 e5 13.Rf2 Qc8 14.Rd2 Ng4 15.Bxg4 Bxg4
16.Qc1 f5 17.exf5 Bxf5 18.fxe5 dxe5 19.Nd5 Nxd5 20.Rxd5 Be4 21.Rd2 Ra6 22.Qd1 Rg6
23.Qh5 Rf5 24.Qd1 Rff6 25.Qh5 Bf3 26.Qxe5 Bd6 27.Rxd6 Rxg2+ 28.Kf1 Bd5+ 29.Ke1 Rf1+  0-1

[Event "Bundesliga 2007-8"]
[Site "Zehlendorf GER"]
[Date "2008.02.10"]
[Round "9"]
[White "Luther,T"]
[Black "Sokolov,And1"]
[Result "1/2-1/2"]
[WhiteElo "2526"]
[BlackElo "2594"]

1.e4 c5 2.Nf3 e6 3.d4 cxd4 4.Nxd4 Nc6 5.Nc3 d6 6.Be3 Nf6 7.Qd2 Be7 8.f3 O-O
9.g4 d5 10.g5 Nxd4 11.Qxd4 Nh5 12.O-O-O Bxg5 13.Rg1 Bxe3+ 14.Qxe3 Qf6 15.exd5 Qf4
16.Qxf4 Nxf4 17.Bc4 Bd7 18.dxe6 Bxe6 19.Bxe6 Nxe6 20.Nd5 Rfd8 21.f4 Kf8 22.f5 Nc5
23.Rg4 Rd6 24.Rh4 h6 25.f6 Re8 26.fxg7+  1/2-1/2

[Event "Bundesliga 2007-8"]
[Site "Zehlendorf GER"]
[Date "2008.02.10"]
[Round "9"]
[White "Paehtz,E"]
[Black "Boensch,U"]
[Result "1/2-1/2"]
[WhiteElo "2420"]
[BlackElo "2530"]

1.e4 c5 2.Nf3 Nc6 3.Nc3 e6 4.d4 cxd4 5.Nxd4 d6 6.Bc4 Nf6 7.Bb3 Be7 8.f4 O-O
9.O-O Nxd4 10.Qxd4 b6 11.Kh1 Bb7 12.f5 Kh8 13.Bg5 Ng4 14.Qd1 Ne5 15.Be3 Ba6
16.Re1 Bh4 17.Rg1 Qe7 18.Bf4 Bf2 19.Qh5 Bxg1 20.Rxg1 Rac8 21.Bg5 f6 22.Bd2 Nc4
23.Bc1 exf5 24.Qxf5 Rfe8 25.Rd1 Qe5 26.Qd7 Re7 27.Qh3 Rc5 28.Qf3 Qh5 29.Bxc4 Qxf3
30.gxf3 Bxc4 31.Rxd6 h6 32.Rd8+ Bg8 33.Bf4 Rb7 34.Bd6 Rc6 35.Nd5 Kh7 36.Nb4 Rc4
37.c3 Be6 38.Nc2 Rd7 39.Rxd7 Bxd7 40.Nd4 g5 41.Kg1 Kg6 42.Kf2 Rc8 43.Ke3 h5
44.a3 h4 45.Kd3 f5 46.e5 Kf7 47.Ke3 g4 48.Kf2 Rg8 49.Ne2 Be6 50.Nf4 Bc4 51.Bc7 Bb3
52.Bd6 Be6 53.Bc7 Rc8 54.Bd6 Rc4 55.Ne2 Ke8 56.Nd4 Kd7 57.Bf8 Rc8 58.Bg7 Rg8
59.Bf6 h3 60.Ne2 Bc4 61.Nf4 Bb3 62.Bh4 Be6 63.Bg3 a5  1/2-1/2

[Event "Velammal 45th National A ch-IND"]
[Site "Chennai IND"]
[Date "2008.02.13"]
[Round "11"]
[White "Ganguly,S"]
[Black "Arun Prasad,S"]
[Result "1/2-1/2"]
[WhiteElo "2579"]
[BlackElo "2423"]

1.e4 c5 2.Nf3 e6 3.d4 cxd4 4.Nxd4 Nc6 5.Nc3 Qc7 6.Be3 a6 7.Qd2 Nf6 8.f3 Ne5
9.O-O-O Bb4 10.Bf4 O-O 11.Kb1 Be7 12.g4 b5 13.g5 Nh5 14.Bg3 Bb7 15.Bg2 Rac8
16.Qf2 Rfd8 17.Nce2 Bc5 18.c3 b4 19.cxb4 Bxb4 20.Rc1 Qb8 21.Qe3 d6 22.Nb3 a5
23.a3 Nxg3 24.hxg3 Ba6 25.Rxc8 Rxc8 26.axb4 Bd3+ 27.Ka1 Qxb4 28.Nbc1 Rc2
29.Qd4 Bxe2 30.Qxb4 axb4 31.f4 Nd3 32.Nxe2 Rxe2 33.Rd1 Re1 34.Rxe1 Nxe1 35.Bh1 Nc2+
36.Kb1 Nd4 37.Kc1 Nb3+ 38.Kc2 Nc5 39.Bf3 e5 40.Kd2 Kf8 41.Ke3 Ke7 42.Be2 f6
43.gxf6+ Kxf6 44.Bc4 g5 45.fxg5+ Kxg5 46.Kf3 Na4 47.b3 Nc3 48.Bg8 Nb5 49.Bc4 Nd4+
50.Kf2 h6 51.Kg2 Nc6 52.Kf3 Ne7 53.Be6 Kf6 54.Bc4 Nc8 55.Ke3 Nb6 56.Bg8 Ke7
57.Kd3 Kd7 58.Bd5 Kc7 59.Ke3 Kd7 60.Kd3 Ke7 61.Bg8 Kf6 62.Ke3 Nd7 63.Bd5 Nc5
64.Bg8 Kg5 65.Kf3 Nd7 66.Be6 Nc5 67.Bd5 h5 68.Bf7 h4 69.gxh4+ Kxh4 70.Bc4 Kh3
71.Bd5 Nd3 72.Bc4 Nf4 73.Bf7 Kh2 74.Bg8 Kg1 75.Bc4 Ng2 76.Ke2 Nf4+  1/2-1/2

[Event "79th ch-GER"]
[Site "Bad Woerishofen GER"]
[Date "2008.02.15"]
[Round "1"]
[White "Markgraf,Al"]
[Black "Rotstein,A"]
[Result "1-0"]
[WhiteElo "2442"]
[BlackElo "2548"]

1.e4 c5 2.Nf3 e6 3.d4 cxd4 4.Nxd4 Nc6 5.Nc3 Qc7 6.Be3 a6 7.Qd2 Nf6 8.O-O-O Be7
9.f3 O-O 10.g4 b5 11.g5 Ne8 12.h4 Bb7 13.Nxc6 Bxc6 14.h5 Rc8 15.Kb1 f5 16.Bf4 Qb6
17.Bd3 Bb4 18.g6 h6 19.Bxh6 fxe4 20.Be3 Qc7 21.fxe4 Bd6 22.h6 Be5 23.Qg2 gxh6
24.Bxh6 Ng7 25.Qh3 Rf2 26.Be3  1-0

[Event "10th TCh-Euro sen"]
[Site "Dresden GER"]
[Date "2008.02.15"]
[Round "5"]
[White "Tseshkovsky,V"]
[Black "Jansa,Vl"]
[Result "0-1"]
[WhiteElo "2504"]
[BlackElo "2486"]

1.e4 c5 2.Nf3 e6 3.d4 cxd4 4.Nxd4 Nc6 5.Nc3 a6 6.Be2 d6 7.Be3 Nf6 8.O-O Be7
9.f4 O-O 10.Kh1 Bd7 11.Nb3 b5 12.Bf3 Qc7 13.Rc1 Rab8 14.Qe1 Rfc8 15.Qf2 Be8
16.Ne2 Nd7 17.c3 Nb6 18.Nd2 Rd8 19.b3 d5 20.e5 Ba3 21.Rcd1 Rdc8 22.Nb1 Bf8
23.Nd4 Nxd4 24.Bxd4 b4 25.Be2 bxc3 26.Nxc3 Bc5 27.Rc1 Bxd4 28.Qxd4 Qc5 29.Qxc5 Rxc5
30.Bxa6 Ra5 31.Bd3 d4 32.Ne2 Rxa2 33.Nxd4 Rd8 34.Bb5 Rxd4 35.Bxe8 Rdd2 36.Bc6 g6
37.h3 Nd5 38.Bxd5 exd5 39.Rg1 Rab2 40.Rb1 Rxg2 41.Rxb2 Rxb2 42.Rd1 Rxb3 43.Kg2 Rb5
44.Kf3 Kf8 45.f5 Ke7 46.Kf4 h6 47.Rd3 g5+ 48.Kg4 Rb4+ 49.Kg3 Rf4 50.Rxd5 Rxf5
51.h4 Rf4 52.hxg5 hxg5 53.Ra5 Ke6 54.Rb5 Re4 55.Rb7 Rxe5 56.Kg4 Kf6 57.Kh5 Re1
58.Rb6+ Kf5 59.Rb5+ Kf4 60.Rb4+ Re4 61.Rb1 f6 62.Rb6 f5 63.Rb1 g4  0-1

[Event "60th ch-POL w"]
[Site "Krakow POL"]
[Date "2008.02.15"]
[Round "2"]
[White "Szczepkowska Horowska,K"]
[Black "Przezdziecka,M"]
[Result "1-0"]
[WhiteElo "2293"]
[BlackElo "2277"]

1.e4 c5 2.Nf3 e6 3.d4 cxd4 4.Nxd4 Nc6 5.Nc3 d6 6.Nxc6 bxc6 7.Bd3 Nf6 8.O-O e5
9.Kh1 Be7 10.f4 O-O 11.fxe5 dxe5 12.Be3 Be6 13.Qe1 Ng4 14.Bg1 Rb8 15.b3 a5
16.Na4 Bb4 17.Qg3 Bd2 18.Nc5 Bc8 19.Be2 Bf4 20.Rxf4 exf4 21.Qxf4 Qf6 22.Qxf6 Nxf6
23.e5 Nd5 24.Bf3 Rd8 25.Bf2 Bf5 26.Bh4 Re8 27.c4 Ne7 28.Bg3 Be6 29.Bf2 h6
30.Kg1 Red8 31.Bh4 g5 32.Be1 Ra8 33.Nb7 Rd3 34.Nxa5 g4 35.Be2 Re3 36.Kf2 Rxe5
37.b4 c5 38.b5 Nc8 39.Bc3 Rf5+ 40.Kg1 h5 41.Rd1 Nb6 42.Rd6 Na4 43.Bd2 Re5
44.Bf1 Re4 45.b6 Rb8 46.b7 Kg7 47.Ra6 Bd7 48.Bh6+ Kg8 49.Ra8 Ree8 50.Rxb8 Rxb8
51.Bf4 Rxb7 52.Nxb7 Bc6 53.Nd6 Nc3 54.a3 f6 55.Bd3 Kh8 56.Bd2 Nd1 57.Bc2  1-0

[Event "Aeroflot Open"]
[Site "Moscow RUS"]
[Date "2008.02.16"]
[Round "3"]
[White "Amonatov,F"]
[Black "Balogh,C"]
[Result "1-0"]
[WhiteElo "2649"]
[BlackElo "2575"]

1.e4 c5 2.Nf3 e6 3.d4 cxd4 4.Nxd4 Nc6 5.Nc3 a6 6.Nxc6 bxc6 7.Bd3 d5 8.O-O Nf6
9.Re1 Be7 10.Bf4 O-O 11.Qf3 Bb7 12.e5 Nd7 13.Na4 a5 14.b3 g6 15.Qg3 c5 16.c4 d4
17.Nb2 Ra6 18.Bh6 Re8 19.Bc2 Bf8 20.Bxf8 Rxf8 21.h4 f5 22.exf6 Qxf6 23.Nd3 a4
24.bxa4 Bc6 25.Rab1 Rf7 26.Rb5 Kg7 27.Bb3 Ra8 28.Nxc5 Nxc5 29.Rxc5 Bxa4 30.Rc7 Rxc7
31.Qxc7+ Kh6 32.Qg3 Bxb3 33.axb3 Ra2 34.c5 Rc2 35.b4 d3 36.Rd1 Rb2 37.c6 Rxb4
38.Qxd3 Qf4 39.g3 Qc4 40.Qd2+ Kg7 41.Rc1  1-0

[Event "Aeroflot Open"]
[Site "Moscow RUS"]
[Date "2008.02.16"]
[Round "3"]
[White "Naiditsch,A"]
[Black "Grigoriants,S RUS"]
[Result "0-1"]
[WhiteElo "2638"]
[BlackElo "2583"]

1.e4 c5 2.Nf3 e6 3.d4 cxd4 4.Nxd4 Nc6 5.Nc3 Qc7 6.f4 a6 7.Nxc6 Qxc6 8.Bd3 b5
9.Qe2 Bb7 10.Bd2 Be7 11.a3 Rc8 12.O-O-O Nf6 13.Kb1 b4 14.axb4 Bxb4 15.Nd5 Bxd2
16.Nxf6+ gxf6 17.Rxd2 Qa4 18.Qe3 Qb4 19.Rhd1 Rc5 20.e5 fxe5 21.fxe5 Ra5 22.c3 Qc5
23.Qf4 Qxe5 24.Qb4 Bc6 25.Re2 Qc7 26.Be4 Ra4 27.Bxc6 Rxb4 28.Bxd7+ Ke7 29.cxb4 Rd8
30.Red2 Qxh2  0-1

[Event "XXIV Open"]
[Site "Cappelle La Grande FRA"]
[Date "2008.02.17"]
[Round "2"]
[White "Edouard,R"]
[Black "Lujan,C"]
[Result "1-0"]
[WhiteElo "2507"]
[BlackElo "2365"]

1.e4 c5 2.Nf3 Nc6 3.Nc3 e6 4.d4 cxd4 5.Nxd4 Nf6 6.Ndb5 d6 7.Bf4 e5 8.Be3 Be7
9.Bg5 a6 10.Bxf6 gxf6 11.Na3 f5 12.exf5 Bxf5 13.Nc4 Nd4 14.Ne3 Bg6 15.Ncd5 Bg5
16.c3 Nc6 17.Bc4 Rc8 18.O-O O-O 19.Bb3 Kh8 20.Kh1 f5 21.f4 Bh6 22.Bc2 e4
23.Qd2 Bg7 24.Rg1 Ne7 25.Rad1 Nxd5 26.Nxd5 Bh5 27.Rdf1 Bf7 28.Rd1 Bh5 29.Ra1 Rc5
30.Bb3 Qh4 31.Rgf1 Qd8 32.Ne3 b5 33.Bd5 a5 34.h3 Qh4 35.a3 Qe7 36.Rf2 Qh4
37.Raf1 Rc7 38.c4 bxc4 39.Bxc4 Rb7 40.Qxa5 Rxb2 41.Nxf5 Qd8 42.Qxd8 Rxd8
43.Nxg7 Rxf2 44.Nxh5 Rxf1+ 45.Bxf1 d5 46.a4 d4 47.Ng3 e3 48.Nf5 Ra8 49.Nxd4 Rxa4
50.Ne2 Ra1 51.Kg1 Kg7 52.g4 h5 53.Ng3 hxg4 54.hxg4 Kg6 55.Kg2 Ra3 56.Be2  1-0

[Event "XXIV Open"]
[Site "Cappelle La Grande FRA"]
[Date "2008.02.17"]
[Round "2"]
[White "Dembo,Y"]
[Black "Jaracz,P"]
[Result "1/2-1/2"]
[WhiteElo "2427"]
[BlackElo "2527"]

1.e4 c5 2.Nf3 e6 3.d4 cxd4 4.Nxd4 Nc6 5.Nc3 Qc7 6.Be3 a6 7.Bd3 Nf6 8.O-O Nxd4
9.Bxd4 Bc5 10.Be2 d6 11.Qd3 Bxd4 12.Qxd4 e5 13.Qb4 Qc5 14.a3 b6 15.Rfd1 Ke7
16.Na4 Qxb4 17.axb4 Rb8 18.Nc3 b5 19.f3 Bb7 20.Kf2 Rhd8 21.g3 Rbc8 22.Rd2  1/2-1/2

[Event "10th TCh-Euro sen"]
[Site "Dresden GER"]
[Date "2008.02.17"]
[Round "7"]
[White "Tseshkovsky,V"]
[Black "Rodriguez,Ores"]
[Result "1-0"]
[WhiteElo "2504"]
[BlackElo "2428"]

1.e4 c5 2.Nc3 e6 3.Nge2 Nc6 4.d4 cxd4 5.Nxd4 a6 6.Be3 Nf6 7.Be2 d6 8.g4 Qc7
9.e5 Nd7 10.f4 Nxd4 11.Qxd4 b5 12.O-O-O Bb7 13.Kb1 Bc6 14.Rhe1 Rb8  1-0

[Event "10th TCh-Euro sen"]
[Site "Dresden GER"]
[Date "2008.02.17"]
[Round "7"]
[White "Barz,H"]
[Black "Stull,N"]
[Result "1/2-1/2"]
[WhiteElo "2045"]
[BlackElo "2184"]

1.e4 c5 2.Nf3 e6 3.d4 cxd4 4.Nxd4 Nc6 5.Nc3 Nf6 6.Bg5 Bb4 7.Nb5 O-O 8.a3 Bxc3+
9.Nxc3 d5 10.Bd3 d4 11.Ne2 h6 12.Bd2 e5 13.Ng3 Be6 14.O-O Rc8 15.Nh5 Nxh5
16.Qxh5 Qf6 17.f4 exf4 18.Bxf4 Qg6 19.Qxg6 fxg6 20.Bd6 Rxf1+ 21.Rxf1 Bf7
22.Re1 Nd8 23.Kf2 Bc4 24.Ke2 Ne6 25.g3 Rc6 26.Bxc4 Rxc4 27.Kd3 Rc6 28.Bb4 Kf7
29.Rf1+ Ke8 30.Rf2 b6 31.Be1 Rd6 32.Bb4  1/2-1/2

[Event "60th ch-POL w"]
[Site "Krakow POL"]
[Date "2008.02.17"]
[Round "4"]
[White "Toma,K"]
[Black "Zawadzka,J"]
[Result "0-1"]
[WhiteElo "2259"]
[BlackElo "2410"]

1.e4 c5 2.Nf3 e6 3.d4 cxd4 4.Nxd4 Nc6 5.Nc3 a6 6.Be3 Nf6 7.Bd3 Qc7 8.O-O Ne5
9.h3 Bc5 10.Qe2 d6 11.Rae1 b5 12.f4 Ng6 13.Nb3 Bxe3+ 14.Qxe3 O-O 15.Rf2 Bb7
16.Ne2 Rac8 17.g4 Rfe8 18.g5 Nd7 19.h4 Nc5 20.h5 Nf8 21.Nxc5 Qxc5 22.Qf3 Rc7
23.Kh2 g6 24.Ng3 Rce7 25.Rfe2 Nd7 26.Qg4 f5 27.Qh4 Nf8 28.Kh3 fxe4 29.Bxe4 d5
30.Bd3 Qd4 31.f5 Qxh4+ 32.Kxh4 e5 33.f6 Re6 34.Rf2 Kf7 35.Be2 Rc6 36.Bf1 e4
37.Bh3 e3 38.Rfe2 Rc4+  0-1

[Event "XXIV Open"]
[Site "Cappelle La Grande FRA"]
[Date "2008.02.18"]
[Round "3"]
[White "Kravtsiv,M"]
[Black "Brodsky,M"]
[Result "1/2-1/2"]
[WhiteElo "2516"]
[BlackElo "2572"]

1.e4 c5 2.Nf3 Nc6 3.d4 cxd4 4.Nxd4 e6 5.Nc3 Qc7 6.Be2 a6 7.O-O Nf6 8.Be3 Bb4
9.Na4 Be7 10.Nxc6 bxc6 11.Nb6 Rb8 12.Nxc8 Qxc8 13.e5 Nd5 14.Bd4 c5 15.c4 cxd4
16.cxd5 Qc5 17.Bf3 Rxb2 18.Rc1 Qb6 19.Rc8+ Bd8 20.dxe6 fxe6 21.Be4 O-O 22.Qh5 g6  1/2-1/2

[Event "XXIV Open"]
[Site "Cappelle La Grande FRA"]
[Date "2008.02.18"]
[Round "4"]
[White "Rojas,L"]
[Black "Jaracz,P"]
[Result "1/2-1/2"]
[WhiteElo "2414"]
[BlackElo "2527"]

1.e4 c5 2.Nf3 e6 3.d4 cxd4 4.Nxd4 Nc6 5.Nc3 Qc7 6.Be3 a6 7.Qd2 Nf6 8.O-O-O Bb4
9.f3 Ne5 10.Kb1 Bxc3 11.Qxc3 Qxc3 12.bxc3 d5 13.exd5 Nxd5 14.Bd2 Nb6 15.Bf4 Nec4
16.Nb3 Bd7 17.Nc5 Bc6 18.Bxc4 Nxc4 19.Rd4 b5 20.Nd3 O-O 21.Ne5 Nxe5 22.Bxe5 Bd5
23.Kb2 f6 24.Bg3 Rfc8 25.a4 Rc6 26.Ra1 Rac8 27.Be1 Rc5 28.axb5 axb5 29.Ra3 Kf7
30.Bf2 R5c6 31.Bg3 g5 32.h4 h6 33.h5 Kg8 34.Be1 Rc4 35.Ra7 R8c7 36.Rxc4 Rxa7
37.Rc8+ Kg7 38.Bf2 Rd7 39.Rb8 Bc4 40.Be3 Bf1 41.g3 Be2 42.f4 Bxh5 43.Rxb5 Bf3
44.c4 Kg6 45.Kc3 gxf4 46.Bxf4 e5 47.Be3 h5 48.c5 Kf5 49.Rb4 Rg7 50.Bf2 Be4
51.Rb6 h4 52.gxh4 Rg2 53.Be3 Rxc2+ 54.Kb4 Rb2+  1/2-1/2

[Event "10th TCh-Euro sen"]
[Site "Dresden GER"]
[Date "2008.02.18"]
[Round "8"]
[White "Klundt,K"]
[Black "Zakharov,AI"]
[Result "0-1"]
[WhiteElo "2378"]
[BlackElo "2427"]

1.e4 c5 2.Nf3 e6 3.d4 cxd4 4.Nxd4 Nc6 5.Nc3 d6 6.Be3 Nf6 7.Be2 Be7 8.O-O O-O
9.Kh1 Bd7 10.Ndb5 Qb8 11.a4 a6 12.Na3 Na5 13.Bb6 Bd8 14.Qd4 Nc6 15.Qe3 d5
16.Rad1 Bxb6 17.Qxb6 d4 18.Ncb1 Nxe4 19.c3 e5 20.Nc2 Qd8 21.Qxd8 Raxd8 22.cxd4 exd4
23.Nxd4 Nxd4 24.Rxd4 Bc6 25.Rxd8 Rxd8 26.Bf3 Nxf2+ 27.Kg1 Bxf3 28.gxf3 Nd1
29.Nc3 Nxc3 30.bxc3 Kf8 31.Rb1 Rd7 32.Kf2 Ke7 33.Ke3 Kd6 34.h4 Kc6 35.h5 Rd5
36.Rg1 g6 37.hxg6 hxg6 38.Rg4 Re5+ 39.Kd3 Rf5 40.Rc4+ Kd6 41.f4 Rd5+ 42.Kc2 Ke6
43.Rc7 Rd7 44.Rc5 f6 45.c4 Kd6 46.Rc8 Rc7 47.Rd8+ Ke7 48.Rg8 Kf7  0-1

[Event "10th TCh-Euro sen"]
[Site "Dresden GER"]
[Date "2008.02.18"]
[Round "8"]
[White "Hoen,R"]
[Black "Nugel,K"]
[Result "1-0"]
[WhiteElo "2284"]
[BlackElo "2155"]

1.e4 c5 2.Nf3 e6 3.d4 cxd4 4.Nxd4 Nc6 5.Nc3 Qc7 6.Be3 a6 7.Bd3 Nf6 8.Nb3 Ne5
9.h3 Nc4 10.Bxc4 Qxc4 11.Qd3 Qxd3 12.cxd3 d6 13.Na4 Nd7 14.Nb6 Nxb6 15.Bxb6 Bd7
16.Rc1 Bc6 17.Ke2 Kd7 18.Na5 Be7 19.Rc2 Bd8 20.Bxd8 Rhxd8 21.Rhc1 Rdc8 22.b3 Rab8
23.Kd2 d5 24.f3 Rc7 25.exd5 exd5 26.b4 Rbc8 27.Nb3 b6 28.Nd4 g6 29.Ke3 Ba4
30.Rxc7+ Rxc7 31.Rxc7+ Kxc7 32.Kf4 f6 33.h4 Kd6 34.g4 h6 35.h5 Be8 36.hxg6 Bxg6
37.Nf5+ Ke6 38.Nxh6 Bxd3 39.Ke3 Bb1 40.a3 Kd6 41.Kd4 Kc6 42.Ng8 f5 43.Ne7+ Kb5
44.gxf5  1-0

[Event "10th TCh-Euro sen"]
[Site "Dresden GER"]
[Date "2008.02.18"]
[Round "8"]
[White "Glauser,H"]
[Black "Kanko,I"]
[Result "1-0"]
[WhiteElo "2169"]
[BlackElo "2219"]

1.e4 c5 2.Nf3 e6 3.d4 cxd4 4.Nxd4 Nc6 5.Nc3 Qc7 6.Be3 a6 7.Be2 Nf6 8.O-O Be7
9.f4 d6 10.Qe1 O-O 11.Qg3 Bd7 12.Rad1 b5 13.a3 Nxd4 14.Bxd4 Bc6 15.e5 dxe5
16.Bxe5 Qb6+ 17.Kh1 b4 18.axb4 Qxb4 19.f5 g6 20.fxg6 fxg6 21.Qh3 Be8 22.Bxf6 Bxf6
23.Qxe6+ Kg7 24.Rxf6 Rxf6 25.Qxf6+  1-0

[Event "II ch-Ibero-Americano Gp D"]
[Site "Morelia MEX"]
[Date "2008.02.18"]
[Round "4"]
[White "Bachmann,Ax"]
[Black "Zambrana,O"]
[Result "1-0"]
[WhiteElo "2505"]
[BlackElo "2492"]

1.e4 c5 2.Nf3 e6 3.d4 cxd4 4.Nxd4 Nc6 5.Nc3 Qc7 6.g3 a6 7.Bg2 Nf6 8.O-O d6
9.Be3 Bd7 10.a4 Na5 11.Qe2 Be7 12.Rad1 Rc8 13.h3 O-O 14.g4 h6 15.Kh1 Nh7
16.f4 Bf6 17.Qf2 Nc4 18.Bc1 Nb6 19.h4 Nxa4 20.Nxa4 Bxa4 21.b3 Bd7 22.g5 Be7
23.c4 Qc5 24.Qg3 h5 25.f5 exf5 26.exf5 d5 27.Bxd5 Bd6 28.Qf3 Rce8 29.Qxh5 Re7
30.f6 Nxf6 31.gxf6 Re5 32.Nf5  1-0

[Event "XXIV Open"]
[Site "Cappelle La Grande FRA"]
[Date "2008.02.19"]
[Round "5"]
[White "Petrosian,TL"]
[Black "Akesson,R"]
[Result "1-0"]
[WhiteElo "2606"]
[BlackElo "2470"]

1.e4 c5 2.Nc3 Nc6 3.Nf3 e6 4.d4 cxd4 5.Nxd4 Qc7 6.Be2 a6 7.O-O Nf6 8.Be3 d6
9.a4 Be7 10.f4 O-O 11.Kh1 Re8 12.Bf3 Nxd4 13.Qxd4 e5 14.Qd2 exf4 15.Bd4 Be6
16.Qxf4 Rad8 17.a5 Qc4 18.Rfd1 Nd7 19.Qg3 Ne5 20.Be2 Qc8 21.Rd2 Ng6 22.Bb6 Rd7
23.Rad1 h6 24.Qf2 Qc6 25.Bf3 Ne5 26.Nd5 Bg5 27.Rd4 Qc8 28.c3 Bxd5 29.Rxd5 Re6
30.Be2 Qc6 31.Bd4 Bf6 32.b3 Rde7 33.c4 Ng6 34.Bb6 Be5 35.g3 Re8 36.Bg4 Rf6
37.Qe2 Nf8 38.c5 g6 39.Qc4 h5 40.Bh3 Nd7 41.cxd6 Nxb6 42.Qxc6 bxc6 43.Rxe5 Rxe5
44.axb6  1-0

[Event "XXIV Open"]
[Site "Cappelle La Grande FRA"]
[Date "2008.02.19"]
[Round "5"]
[White "De la Villa Garcia,J"]
[Black "Savchenko,S"]
[Result "1/2-1/2"]
[WhiteElo "2460"]
[BlackElo "2558"]

1.e4 c5 2.Nf3 e6 3.d4 cxd4 4.Nxd4 Nc6 5.Nc3 a6 6.Be3 Nf6 7.f4 d6 8.Qf3 e5
9.Nxc6 bxc6 10.Bc4 Be7  1/2-1/2

[Event "XXIV Open"]
[Site "Cappelle La Grande FRA"]
[Date "2008.02.19"]
[Round "5"]
[White "Roser,K"]
[Black "L'Henoret,T"]
[Result "1-0"]
[WhiteElo "2402"]
[BlackElo "2112"]

1.e4 c5 2.Nf3 Nc6 3.Nc3 e6 4.d4 cxd4 5.Nxd4 d6 6.Be3 Nf6 7.Bc4 Be7 8.Qe2 Bd7
9.O-O-O a6 10.Bb3 Qc7 11.g4 O-O 12.g5 Ne8 13.h4 b5 14.g6 Nxd4 15.gxh7+ Kxh7
16.Bxd4 Bf6 17.Bxf6 Nxf6 18.Qd3 Kg8 19.Qxd6 Ra7 20.f3 a5 21.Qxc7 Rxc7 22.a3 Rc5
23.Rhg1 Rfc8 24.Rg5 R8c7 25.Rd4 g6 26.f4 Kf8 27.Rxc5  1-0

[Event "XXIV Open"]
[Site "Cappelle La Grande FRA"]
[Date "2008.02.19"]
[Round "5"]
[White "Czarnota,P"]
[Black "Durarbeyli,V"]
[Result "1-0"]
[WhiteElo "2530"]
[BlackElo "2392"]

1.e4 c5 2.Nf3 e6 3.d4 cxd4 4.Nxd4 Nc6 5.Nc3 d6 6.Be3 Nf6 7.f3 Be7 8.Qd2 O-O
9.O-O-O a6 10.g4 Nd7 11.h4 Nxd4 12.Bxd4 b5 13.g5 Bb7 14.Kb1 b4 15.Ne2 Ne5
16.Qxb4 Qc7 17.Bb6 a5 18.Qb3 Qb8 19.Nc1 a4 20.Qe3 Ba6 21.f4 Bxf1 22.fxe5 Bc4
23.exd6 Bxd6 24.Rxd6 Qxd6 25.Bc5 Qe5 26.Bxf8 Rxf8 27.Rd1 a3 28.Qd4 Qb8 29.b3 Rc8
30.Qd6 Qxd6 31.Rxd6 Bf1 32.c4 Bg2 33.e5 f5 34.Ne2 Be4+ 35.Kc1 h6 36.Nf4 hxg5
37.hxg5 Kf7 38.Rd7+ Kg8 39.g6 Bc6  1-0

[Event "6th Festival Gp B"]
[Site "Nancy FRA"]
[Date "2008.02.19"]
[Round "3"]
[White "Ramaswamy,A"]
[Black "Berend,F"]
[Result "0-1"]
[WhiteElo "2322"]
[BlackElo "2343"]

1.e4 c5 2.Nf3 e6 3.d4 cxd4 4.Nxd4 Nc6 5.Nc3 a6 6.Be2 d6 7.O-O Nf6 8.a4 Be7
9.Be3 O-O 10.f4 Bd7 11.Nb3 Rc8 12.a5 Qc7 13.Bf3 Nb4 14.Bb6 Qb8 15.Rf2 Bd8
16.Bxd8 Rfxd8 17.Rd2 Be8 18.Na4 Bxa4 19.Rxa4 Nc6 20.Nd4 d5 21.e5 Nd7 22.c3 Qa7
23.Kh1 Ndb8 24.Nb3 b5 25.axb6 Qxb6 26.Be2 h6 27.Ra3 Rd7 28.Qg1 Rb7 29.Nc5 Ra7
30.Nxa6 Nd7 31.Qxb6 Nxb6 32.Kg1 g5 33.g3 Ne7 34.Rd4 Kg7 35.Kf2 Nc4 36.Bxc4 dxc4
37.Nb4 Rxa3 38.bxa3 gxf4 39.gxf4 h5 40.a4 Ra8 41.Rxc4 Rxa4 42.Rc7 Ng6 43.Kf3 Ra1
44.Nd3 Nh4+ 45.Ke4 Kg6 46.c4 Ra2 47.c5 Nf5 48.Rd7 Rxh2 49.Kf3 Rc2 50.Rd8 Kg7
51.Rb8 Rc3 52.Ke4 Rc2 53.Rb2 Rc4+ 54.Kf3 Kf8 55.Rb8+ Kg7 56.Rb2 Ne7 57.Rb1 Rd4
58.Ke3 Nf5+ 59.Ke2 Re4+ 60.Kd2 Ra4 61.c6 Ne7 62.Rc1 Ra2+ 63.Ke3 Nd5+ 64.Ke4 Ra4+
65.Kf3 Nc7 66.Rg1+ Kf8 67.Rc1 Ke7 68.Nc5 Ra3+ 69.Ke4 h4 70.Rd1 Nd5 71.Rh1 h3
72.Nd3 Ra4+ 73.Kf3 Rd4 74.Ke2 Nxf4+ 75.Nxf4 Rxf4 76.Rxh3 Re4+ 77.Re3 Rc4
78.Rf3 Rc5 79.c7 Rxe5+ 80.Re3 Rc5 81.Rf3 Rxc7 82.Re3 Rc6 83.Kf3  0-1

[Event "1st Pfalz Open"]
[Site "Neustadt a.d. Weinstrasse GER"]
[Date "2008.02.20"]
[Round "6"]
[White "Nekrasov,M"]
[Black "Milov,L"]
[Result "1/2-1/2"]
[WhiteElo "2375"]
[BlackElo "2482"]

1.e4 c5 2.Nf3 e6 3.d4 cxd4 4.Nxd4 Nc6 5.Nc3 Qc7 6.Be2 a6 7.O-O Nf6 8.Be3 Be7
9.f4 d6 10.Qe1 O-O 11.Qg3 Nxd4 12.Bxd4 b5 13.a3 Bb7 14.Rae1 Rae8 15.Kh1 Bc6
16.Bd3 e5 17.fxe5 Nh5 18.Qh3 dxe5 19.Nd5 Bxd5 20.Bxe5 Qxe5 21.exd5 Qxb2 22.d6 Bf6
23.Rxe8 Rxe8 24.Qxh5 g6 25.Qf3 Kg7 26.d7 Rd8 27.Qc6 Qd4 28.Qxa6  1/2-1/2

[Event "79th ch-GER"]
[Site "Bad Woerishofen GER"]
[Date "2008.02.21"]
[Round "7"]
[White "Wehner,J"]
[Black "Rotstein,A"]
[Result "0-1"]
[WhiteElo "2184"]
[BlackElo "2548"]

1.e4 c5 2.Nf3 e6 3.d4 cxd4 4.Nxd4 Nc6 5.Nc3 Qc7 6.Be3 a6 7.Qd2 Nf6 8.f3 Ne5
9.a3 b5 10.Bd3 Bb7 11.O-O Bc5 12.Nb3 Neg4 13.fxg4 Nxg4  0-1

[Event "79th ch-GER"]
[Site "Bad Woerishofen GER"]
[Date "2008.02.21"]
[Round "7"]
[White "Chevelevitch,E"]
[Black "Markgraf,Al"]
[Result "1/2-1/2"]
[WhiteElo "2456"]
[BlackElo "2442"]

1.e4 c5 2.Nf3 e6 3.d4 cxd4 4.Nxd4 Nc6 5.Nc3 Qc7 6.Be2 a6 7.O-O Nf6 8.Be3 Bb4
9.Na4 O-O 10.c4 Bd6 11.g3 Nxe4 12.Bf3 f5 13.Bxe4 fxe4 14.c5 Be5 15.Rc1 Nb4
16.Qg4 Bxd4 17.Bxd4 e5 18.Bc3 Nxa2  1/2-1/2

[Event "6th Festival Gp B"]
[Site "Nancy FRA"]
[Date "2008.02.21"]
[Round "5"]
[White "Ramesh,R"]
[Black "Berend,F"]
[Result "1-0"]
[WhiteElo "2473"]
[BlackElo "2343"]

1.e4 c5 2.Nf3 e6 3.d4 cxd4 4.Nxd4 Nc6 5.Nc3 a6 6.Nxc6 bxc6 7.Bd3 d5 8.O-O Nf6
9.Re1 Be7 10.e5 Nd7 11.Qg4 g6 12.b3 h5 13.Qe2 Bb7 14.Na4 Nb6 15.Nxb6 Qxb6
16.c4 d4 17.Bf4 c5 18.Be4 O-O 19.Rad1 Ra7 20.Bh6 Rc8 21.Rd3 Bxe4 22.Qxe4 Bf8
23.Bxf8 Kxf8 24.Qf4 Qd8 25.Re4 a5 26.g4 hxg4 27.Qh6+ Ke7 28.Rxg4 Qf8 29.Qh4+ Ke8
30.Qf6 Qe7 31.Qf4 Kd8 32.Rf3 Rd7 33.Qd2 Ra8 34.h4 Kc7 35.Rgf4 Qf8 36.a3 Qg7
37.Re4 Qh7 38.Ref4 Kd8 39.Kg2 Ke8 40.Qe2 Qh5 41.Qe4 Rad8 42.Qc6 g5 43.Rg3 d3
44.Rxg5 Qxg5+ 45.hxg5 d2 46.Rh4 d1=Q 47.Rh8+ Ke7 48.Qxc5+ Rd6 49.exd6+ Rxd6
50.Qc7+ Rd7 51.Qf4 Qd4 52.Rh4 Qxf4 53.Rxf4 Rb7 54.Rf3 Kd6 55.Re3 Rc7 56.a4 Kc5
57.Re5+ Kb4 58.Rb5+ Kc3 59.Kf3 f6 60.gxf6 Rf7 61.Ke4 Rxf6 62.f4 Rf8 63.c5 Rc8
64.Ke5 Rc6 65.Rxa5 Kxb3 66.Rb5+ Kxa4 67.Rb6 Rxc5+ 68.Kxe6  1-0

[Event "XXIV Open"]
[Site "Cappelle La Grande FRA"]
[Date "2008.02.23"]
[Round "9"]
[White "Fedorchuk,S"]
[Black "Timoshenko,G"]
[Result "1-0"]
[WhiteElo "2652"]
[BlackElo "2560"]

1.e4 c5 2.Nf3 Nc6 3.Nc3 e6 4.d4 cxd4 5.Nxd4 Nf6 6.Nxc6 bxc6 7.e5 Nd5 8.Ne4 Qc7
9.f4 Qa5+ 10.Bd2 Qb6 11.Bd3 Ba6 12.Bxa6 Qxa6 13.Qe2 Qxe2+ 14.Kxe2 f5 15.Nf2 d6
16.Nd3 dxe5 17.Nxe5 Bd6 18.Nd3 O-O-O 19.Kf3 Rhe8 20.Rae1 g6 21.Re2 Nf6 22.Be3 Rd7
23.Rhe1 Ne4 24.Nf2 e5 25.Nxe4 fxe4+ 26.Kg4 h5+ 27.Kg5 Re6 28.fxe5 Bxe5 29.Rf2 Bxh2
30.Rf8+ Kb7 31.Ref1 Rd5+ 32.Kh6 g5+ 33.Kxh5 Bf4 34.Rf7+ Kc8 35.Re1 Bxe3 36.Rxe3 Rd2
37.g4 Rxc2 38.Kxg5 Rxb2 39.Kf5 Rd6 40.Rxa7 Rd7  1-0

[Event "25th Festival Open A"]
[Site "Bled SLO"]
[Date "2008.02.24"]
[Round "2"]
[White "Buzeti,J"]
[Black "Lazar,Ales ML"]
[Result "1/2-1/2"]
[WhiteElo "2146"]
[BlackElo "2273"]

1.e4 c5 2.Nf3 e6 3.d4 cxd4 4.Nxd4 Nc6 5.Nc3 a6 6.Nxc6 bxc6 7.Bd3 d5 8.O-O Nf6
9.Re1 Be7 10.e5 Nd7 11.Qg4 g6 12.b3 Qa5 13.Bd2 Bb4 14.a3 Bxc3 15.b4 Bxa1
16.bxa5 Bxe5 17.Qa4 Bb7 18.Qb4 Bc8 19.Rxe5 Nxe5 20.Bg5 c5 21.Qxc5 Kd7 22.Qe7+ Kc6
23.Bf6 Nxd3 24.cxd3 Rb8 25.f3 Rb7 26.Qxb7+ Bxb7 27.Bxh8 Kc5 28.Kf2 d4 29.f4 h5
30.g3 Bc6  1/2-1/2